|
|
|
|
| LEADER |
02249cam a2200625 i 4500 |
| 001 |
nkc20223448665 |
| 003 |
CZ PrNK |
| 005 |
20221207095231.0 |
| 007 |
ta |
| 008 |
221003s2022 xr a f 001 0 cze d |
| 015 |
|
|
|a cnb003448665
|
| 020 |
|
|
|a 978-80-246-5262-7
|q (brožováno)
|
| 035 |
|
|
|a (OCoLC)1357141038
|
| 040 |
|
|
|a LID001
|b cze
|d BOA001
|e rda
|
| 041 |
0 |
|
|a cze
|b eng
|
| 072 |
|
7 |
|a 316.4/.7
|x Sociální interakce. Sociální komunikace
|2 Konspekt
|9 18
|
| 080 |
|
|
|a 159.925.8
|2 MRF
|
| 080 |
|
|
|a 316.772.2
|2 MRF
|
| 080 |
|
|
|a 616.89-008.434.5
|2 MRF
|
| 080 |
|
|
|a 316.344.6-056.26/.3
|2 MRF
|
| 080 |
|
|
|a 616-071
|2 MRF
|
| 080 |
|
|
|a 81'1:001.891
|2 MRF
|
| 080 |
|
|
|a (048.8)
|2 MRF
|
| 100 |
1 |
|
|a Janečka, Martin,
|d 1983-
|7 mzk2014843518
|4 aut
|
| 245 |
1 |
0 |
|a Gestikulace v komunikaci osob s diagnostikovanou afázií /
|c Martin Janečka
|
| 250 |
|
|
|a Vydání první
|
| 264 |
|
1 |
|a Praha :
|b Univerzita Karlova, nakladatelství Karolinum,
|c 2022
|
| 300 |
|
|
|a 213 stran :
|b ilustrace ;
|c 24 cm
|
| 336 |
|
|
|a text
|b txt
|2 rdacontent
|
| 337 |
|
|
|a bez média
|b n
|2 rdamedia
|
| 338 |
|
|
|a svazek
|b nc
|2 rdacarrier
|
| 504 |
|
|
|a Obsahuje bibliografii, bibliografické odkazy a rejstřík
|
| 546 |
|
|
|a Anglické resumé
|
| 650 |
0 |
7 |
|a gesto
|7 ph211779
|2 czenas
|
| 650 |
0 |
7 |
|a nonverbální komunikace
|7 ph115459
|2 czenas
|
| 650 |
0 |
7 |
|a afázie
|7 ph118293
|2 czenas
|
| 650 |
0 |
7 |
|a osoby se zdravotním postižením
|7 ph127575
|2 czenas
|
| 650 |
0 |
7 |
|a klinický výzkum
|7 ph884107
|2 czenas
|
| 650 |
0 |
7 |
|a lingvistický výzkum
|7 ph1064430
|2 czenas
|
| 650 |
0 |
9 |
|a gesture
|2 eczenas
|
| 650 |
0 |
9 |
|a nonverbal communication
|2 eczenas
|
| 650 |
0 |
9 |
|a aphasia
|2 eczenas
|
| 650 |
0 |
9 |
|a people with visual disabilities
|2 eczenas
|
| 650 |
0 |
9 |
|a clinical research
|2 eczenas
|
| 650 |
0 |
9 |
|a linguistics research
|2 eczenas
|
| 655 |
|
7 |
|a monografie
|7 fd132842
|2 czenas
|
| 655 |
|
9 |
|a monographs
|2 eczenas
|
| 910 |
2 |
|
|a BOA001
|b 2-1493.822
|
| 920 |
|
|
|a 1171583
|z CBA001
|
| 928 |
9 |
|
|a Karolinum
|
| 990 |
|
|
|a BK
|
| 995 |
|
|
|a 01
|
| 991 |
|
|
|b 202211
|c NOV
|
| 996 |
6 |
|
|b 2610920510
|c 2-1493.822
|l MZK
|r Sklad / do 1 hodiny
|n 1
|p p.v.
|w 001904421
|u 000010
|a 1
|e BOA001
|j MZK50
|s P
|
| 996 |
7 |
|
|b 2610923468
|c 2-1493.822
|l MZK
|r Sklad / do 1 hodiny
|n 2
|p kup
|w 001904421
|u 000020
|a 1
|e BOA001
|j MZK50
|s A
|